TV Show by Theme Lyric Quiz Stats

Quiz Updated May 10, 2016

Challenge
Share
Tweet
Embed
Score 0/24 Timer 06:00
20 Plays Today
% Correct
Two and a Half Men
89.4%
Friends
88.7%
The Fresh Prince of Bel-Air
84.1%
The Addams Family
81.7%
The Brady Bunch
72%
Pokémon
71.2%
Cheers
67.3%
New Girl
61.6%
Sesame Street
60.6%
The Jeffersons
59.7%
Scooby Doo, Where Are You!
57.2%
Dawson's Creek
54.5%
% Correct
Dexter's Lab
54.1%
Family Guy
53.6%
All In the Family
47.7%
Scrubs
46.2%
Malcolm in the Middle
44.9%
That '70s Show
42.9%
Gilmore Girls
38.1%
7th Heaven
33.1%
Boy Meets World
32.7%
Reba
26.9%
Psych
22.4%
I Love Lucy
20.6%

You're not logged in!

Compare scores with friends on all Sporcle quizzes.
Sign Up with Email
OR
Log In

You Might Also Like...

Show Comments

Extras

Top Quizzes Today


Score Distribution

Your Account Isn't Verified!

In order to create a playlist on Sporcle, you need to verify the email address you used during registration. Go to your Sporcle Settings to finish the process.